000 00694nam a2200241Ia 4500
003 OSt
005 20220927105040.0
006 a|||||r|||| 00| 0
007 ta
008 220926b |||||||| |||| 00| 0 eng d
024 _a186524
037 _cReference Collections
040 _aRTL
_cRTL
_beng
041 _2eng
_aeng
082 _a"X9:8HW.2.N75<N68r, L5"
110 _a"JYOTI LIMITED, BARODA"
_9369907
245 0 _a"Annual report,1968-75."
260 _aBaroda
_bJyoti Ltd
_c1975
300 _a20p.
_ccm.
700 _a"JYOTI LIMITED, BARODA"
_9369908
942 _h"X9:8HW.2.N75<N68r, L5"
_cCC
999 _c690484
_d690484